Normal view
MARC view
- Airplanes
Entry Topical Term
001 - CONTROL NUMBER
- control field: 83787
003 - CONTROL NUMBER IDENTIFIER
- control field: NUST
005 - DATE AND TIME OF LATEST TRANSACTION
- control field: 20211110125905.0
008 - FIXED-LENGTH DATA ELEMENTS
- fixed length control field: 211110|| aca||aabn | a|a d
040 ## - CATALOGING SOURCE
- Original cataloging agency: NUST
- Transcribing agency: NUST
150 ## - HEADING--TOPICAL TERM
- Topical term or geographic name entry element: Airplanes
- General subdivision: Piloting
- General subdivision: Human factors
670 ## - SOURCE DATA FOUND
- Source citation: Work cat.: (NUST)33860: Turner, Thomas P. 83785, Cockpit Resource Management :, c1995.
